Antike kapitalvereinigungen: ein Beitrag zu den konzeptionellen und historischen Grundlagen der Aktiengesellschaft
保存先:
| 第一著者: | |
|---|---|
| フォーマット: | 図書 |
| 言語: | ドイツ語 |
| 出版事項: |
Colonia
Bohlau
2010
|
| シリーズ: | Forschungen zum Romischen Recht, 55
|
| 主題: | |
| タグ: |
タグ追加
タグなし, このレコードへの初めてのタグを付けませんか!
|
MARC
| LEADER | 00000cam a2200000 a 4500 | ||
|---|---|---|---|
| 001 | UCF9275 | ||
| 003 | CL-VaPUC | ||
| 008 | 131111e20100000gw |||||||||||||||||ger|d | ||
| 020 | |a 9783412204747 | ||
| 082 | 0 | 4 | |a 340.54 |b FLE |2 21 |
| 100 | 0 | |a Fleckner, Andreas M |e author |9 571558 | |
| 245 | 1 | 0 | |a Antike kapitalvereinigungen: ein Beitrag zu den konzeptionellen und historischen Grundlagen der Aktiengesellschaft |
| 300 | |a 778 p | ||
| 942 | |c BK | ||
| 945 | |d 20131111 15:03:00 |a dcastane | ||
| 260 | |a Colonia |b Bohlau |c 2010 | ||
| 650 | 0 | |a Derecho romano |9 255930 | |
| 650 | 0 | |a Derecho comercial |9 256340 | |
| 650 | 0 | |a Derecho comercial romano |9 468929 | |
| 583 | |a last modification |c 20131111 15:03:00 |k Rodrigo Vera | ||
| 490 | 0 | |a Forschungen zum Romischen Recht, 55 | |
| 999 | |c 353748 |d 353746 | ||
| 952 | |0 0 |1 0 |3 erd |4 0 |6 340_540000000000000_FLE_2010 |7 0 |8 DER_ROM |9 459122 |a BIBDER |b BIBDER |d 2019-11-23 |i 5025605 |l 7 |m 15 |o 340.54 FLE 2010 |p 5025605 |r 2023-11-27 |s 2023-10-11 |w 2019-11-23 |x Ubicación 4to piso |y BK |z Este recurso debe solicitarse con anticipación |k DER | ||